Central Library OPAC University of Rajshahi

একটি বংশ : (Record no. 26255)

MARC details
000 -LEADER
fixed length control field 00930nam a2200229 a 4500
001 - CONTROL NUMBER
control field 26255
003 - CONTROL NUMBER IDENTIFIER
rucl marc code BD-RjUL
005 - DATE AND TIME OF LATEST TRANSACTION
control field 20211209051005.0
008 - FIXED-LENGTH DATA ELEMENTS--GENERAL INFORMATION
fixed length control field 190324s1996 bg a b 00110 ben
020 ## - INTERNATIONAL STANDARD BOOK NUMBER
Terms of availability : Tk. 100.00
035 ## - SYSTEM CONTROL NUMBER
System control number (BD-RjUL)26325
040 ## - CATALOGING SOURCE
Original cataloging agency BD-RjUL
Language of cataloging ben/eng
Transcribing agency BD-RjUL
Modifying agency BD-RjUL
041 ## - LANGUAGE CODE
Language code of text/sound track or separate title ben
082 ## - DEWEY DECIMAL CLASSIFICATION NUMBER
Classification number 929.20954924
Author mark and year ALA 1996
Edition number 23
100 1# - MAIN ENTRY--PERSONAL NAME
Personal name আলী, এ. কে. এম. ইয়াকুব
9 (RLIN) 229572
245 10 - TITLE STATEMENT
Title একটি বংশ :
Remainder of title ইতিহাস ও ঐতিহ্য /
Statement of responsibility, etc. এ. কে. এম. ইয়াকুব আলী
260 ## - PUBLICATION, DISTRIBUTION, ETC. (IMPRINT)
Place of publication, distribution, etc. বগুড়া :
Name of publisher, distributor, etc. শাইখ ব্রাদার্স,
Date of publication, distribution, etc. ১৯৯৬
300 ## - PHYSICAL DESCRIPTION
Pagination [৮], ৮৮ পৃ.:
Illustrations চিত্র;
Size ২২ সেমি.
650 ## - SUBJECT ADDED ENTRY--TOPICAL TERM
Topical term or geographic name as entry element পরিবার
General subdivision ইতিহাস
Geographic subdivision বাংলাদেশ
-- বগুড়া
9 (RLIN) 229573
Topical term or geographic name as entry element Family
General subdivision history
Geographic subdivision Bangladesh
-- Bogra
9 (RLIN) 229574
942 ## - ADDED ENTRY ELEMENTS (KOHA)
Source of classification or shelving scheme Dewey Decimal Classification
Koha item type Books
Holdings
Lost status Source of classification or shelving scheme Damaged status Not for loan Collection code Permanent Location Current Location Shelving location Date acquired Source of acquisition Cost, normal purchase price Total Checkouts Full call number Date last seen Copy number Koha item type
  Dewey Decimal Classification   Not For Loan Non-fiction Central Library, University of Rajshahi Central Library, University of Rajshahi Reading Room 13/05/1996 Rajshahi, the Author 100.00   B 929.20954924 ALA 1996 24/03/2019 C-1 Books
  Dewey Decimal Classification     Non-fiction Central Library, University of Rajshahi Central Library, University of Rajshahi   13/05/1996 Rajshahi, the Author 100.00   B 929.20954924 ALA 1996 24/03/2019 C-2 Books